| 000 | 00651nam a2200181 i 4500 | ||
|---|---|---|---|
| 001 | 29573 | ||
| 003 | ES-MaACL | ||
| 005 | 20230906154044.0 | ||
| 007 | t| | ||
| 008 | 030122s1959 sp ||||1| spa d | ||
| 100 | 1 |
_aBarnard, Chester I. _925703 |
|
| 245 | 1 | 4 |
_aLas funciones de los elementos dirigentes / _cpor Chester I. Barnard ; traducido por Francisco F. Jardón Santa Eulalia. |
| 260 |
_aMadrid : _bInstituto de Estudios Políticos, _c[1959] ( _fBenzal) |
||
| 300 |
_a371 p. ; _c21 cm. |
||
| 700 | 1 |
_aJardón Santa Eulalia, Francisco. _966123 |
|
| 710 | 2 |
_aInstituto de Estudios Políticos (Madrid) _94924 |
|
| 852 |
_aES-MaACL _jC-16976 _bR.45112 |
||
| 999 |
_c29573 _d29573 |
||